Statistics for Malapropisms Quiz

Click here to take the quiz!

General Stats

  • This quiz has been taken 13,712 times
    (13,691 since last reset)
  • The average score is 14 of 20

Answer Stats

Malapropism Correct Word % Correct
Everyone at the office has
their own cuticle
Cubicle
96%
The city had to be evaporated
due to the large storm
Evacuated
96%
This vinegar is too Hasidic!Acidic
94%
I have a photogenic memoryPhotographic
92%
He's a wolf in cheap clothingSheep's
92%
Darwin is perhaps history's
most famous naturist
Naturalist
86%
Lead the way as we precedeProceed
81%
Dancing the flamingoFlamenco
79%
Drake was the first Englishman
to circumvent the globe
Circumnavigate
77%
It's a mute pointMoot
77%
A crab is a crushed AsianCrustacean
74%
The facts that I eluded to earlierAlluded
72%
The court had wonton
disregard for the law
Wanton
66%
This text is chalk full of mistakesChock
58%
The errors were exasperated
by poor communication
Exacerbated
42%
The life of man is nasty, British, and shortBrutish
41%
He negotiated a constipation
package at his new job
Compensation
36%
She felt ambiguous about the job offerAmbivalent
35%
That explanation doesn't jive
with the evidence
Jibe
35%
Wikipedia is a suppository of knowledgeRepository
34%

Score Distribution

Percentile by Number Answered

Percent of People with Each Score

Your Score History

You have not taken this quiz since the last reset